|
|
|
|
| LEADER |
01258nam a2200301 a 4500 |
| 001 |
1372920 |
| 008 |
090730r19831970enk 000 1 eng d |
| 010 |
|
|
|a 81083604
|
| 020 |
|
|
|a 0140430547
|
| 040 |
|
|
|a DLC
|c DLC
|d DLC
|d OCoLC
|d DLC
|
| 082 |
0 |
0 |
|a 823/.8
|2 19
|
| 100 |
1 |
|
|a Dickens, Charles,
|d 1812-1870.
|
| 245 |
1 |
2 |
|a A tale of two cities /
|c Charles Dickens, edited with an introduction by George Woodcock and illustration by Habolt L. Browne.
|
| 260 |
|
|
|a London. :
|b Penguin books,
|c 1970. [Reprinted 1983]
|
| 300 |
|
|
|a 410 p. :
|b ill. ;
|c 18 cm.
|
| 541 |
1 |
|
|e 00017283
|
| 651 |
|
0 |
|a Paris (France)
|x History
|y 1789-1799
|x Fiction.
|
| 651 |
|
0 |
|a London (England)
|x History
|y 18th century
|x Fiction.
|
| 651 |
|
0 |
|a France
|x History
|y Revolution, 1789-1799
|v Fiction.
|
| 650 |
|
0 |
|a French
|z England
|z London
|v Fiction.
|
| 650 |
|
0 |
|a Executions and executioners
|v Fiction.
|
| 650 |
|
0 |
|a Fathers and daughters
|v Fiction.
|
| 650 |
|
0 |
|a Lookalikes
|v Fiction.
|
| 655 |
|
7 |
|a Historical fiction.
|2 gsafd
|
| 655 |
|
7 |
|a War stories.
|2 gsafd
|
| 852 |
4 |
|
|a Ayesha Abed Library
|j General shelf
|
| 999 |
|
|
|c 2986
|d 2986
|
| 952 |
|
|
|0 0
|1 0
|2 ddc
|4 0
|6 823_800000000000000_DIC_1983
|7 0
|9 2701
|a BRACUL
|b BRACUL
|c GEN
|d 2009-08-18
|l 20
|m 111
|o 823.8 DIC
|p 3010017283
|r 2026-05-20
|s 2026-04-18
|t 1
|w 2009-08-18
|y BK
|